NLSUI OPAC header image

Implementation of refugee health policy in India : a study (Record no. 217138)

MARC details
000 -LEADER
fixed length control field 01340nam a2200145Ia 4500
005 - DATE AND TIME OF LATEST TRANSACTION
control field 20260209120133.0
008 - FIXED-LENGTH DATA ELEMENTS--GENERAL INFORMATION
fixed length control field 260209s9999||||xx |||||||||||||| ||und||
100 ## - MAIN ENTRY--PERSONAL NAME
Personal name Satyanand Khillare
245 #0 - TITLE STATEMENT
Title Implementation of refugee health policy in India : a study
260 ## - PUBLICATION, DISTRIBUTION, ETC.
Place of publication, distribution, etc. BangaloreBangalore
Name of publisher, distributor, etc. NLSIU
Date of publication, distribution, etc. 2014
300 ## - PHYSICAL DESCRIPTION
Extent 69 p. ; 25 cm.
505 ## - FORMATTED CONTENTS NOTE
Formatted contents note TABLE OF CONTENTS Certificate Declaration; Acknowledgment ; CHAPTE R -I INTRODUCTION; CHAPTER-II The Legal Framework of The International Refugee Protection System; 1.1 International laws and standard; 1.2 Refugees Arriving In Large Numbers; CHAPTER-III Rights of Refugee; 3.1 1951 Convention; 3.2 International Human rights Convention; CHAPTER-IV Role of UNHCR relating to Refugee's Health; 4.1 UNHCR & Refugee Convention; 4.2 Health Guidelines; CHAPTER-V Refugee health in Emergency situation; 5.1 Priorities in emergency phase; CHAPTER-VI Refugee in India; 6.1 Tibetan refugee in India; 6.2 Status of Tibetan Refugee in India ; 6.3 Health services ; 6.4Tibetan Medicare system ; 6.5 General medical infrastructure ; CHAPTER-VII BARRIERS & CONCLUSION 7.1 Barriers in implementation of refugee health policy ; 7.2 Conclusion ; Bibliography.
700 ## - ADDED ENTRY--PERSONAL NAME
Personal name Prof. (Dr.) V Vijayakumar - GuideProf. (Dr.) V Vijayakumar - Guide
856 ## - ELECTRONIC LOCATION AND ACCESS
Uniform Resource Identifier <a href="https://dans.nls.ac.in/handle/123456789/1753">https://dans.nls.ac.in/handle/123456789/1753</a>
Holdings
Withdrawn status Lost status Damaged status Not for loan Home library Current library Date acquired Total Checkouts Barcode Date last seen Price effective from Koha item type
        . . 09.02.2026   LLM503 09.02.2026 09.02.2026 Dissertation